| 000 | 00351pab a2200145 454500 | ||
|---|---|---|---|
| 008 | 180718b2015 xxu||||| |||| 00| 0 eng d | ||
| 100 | _aBhoothalingam, Ravi | ||
| 245 | _aThe Silk road as a global brand | ||
| 260 | _c2015 | ||
| 300 | _ap.60-68. | ||
| 362 | _aSep | ||
| 650 | _aSilk road | ||
| 773 | _aASCI Journal of Management | ||
| 909 | _a109604 | ||
| 999 |
_c109599 _d109599 |
||